Ngữ pháp tiếng Pháp thực hành : Danh từ, mạo từ, tính từ, trạng từ /
Na minha lista:
| Autor principal: | |
|---|---|
| Outros Autores: | |
| Formato: | Sách giấy |
| Idioma: | Vietnamese |
| Publicado em: |
H. :
Đại học Sư phạm,
2004.
|
| Assuntos: | |
| Tags: |
Adicionar Tag
Sem tags, seja o primeiro a adicionar uma tag!
|
| Thư viện lưu trữ: | Thư viện Trường Đại học Đà Lạt |
|---|
| LEADER | 00763nam a2200301 4500 | ||
|---|---|---|---|
| 001 | DLU120140255 | ||
| 005 | ##20120828 | ||
| 040 | # | # | |a DLU |b vie |
| 041 | # | # | |a vie |
| 044 | # | # | |a vn |
| 082 | # | # | |a 448.2 |b LE-U |
| 100 | # | # | |a Lê Uyên. |
| 245 | # | # | |a Ngữ pháp tiếng Pháp thực hành : |b Danh từ, mạo từ, tính từ, trạng từ / |c Lê Uyên, Như Hảo. |
| 260 | # | # | |a H. : |b Đại học Sư phạm, |c 2004. |
| 300 | # | # | |a 162 tr. ; |c 19 cm. |
| 650 | # | # | |a Tiếng Pháp |x Ngữ pháp. |
| 700 | # | # | |a Như Hảo. |
| 923 | # | # | |a 05/2012 |
| 991 | # | # | |a GT |
| 992 | # | # | |a 16000 |
| 994 | # | # | |a DLU |
| 900 | # | # | |a True |
| 911 | # | # | |a Đào Thị Thu Huyền |
| 925 | # | # | |a G |
| 926 | # | # | |a A |
| 927 | # | # | |a SH |
| 980 | # | # | |a Thư viện Trường Đại học Đà Lạt |